| 000 | 00489nam a2200181 a 4500 | ||
|---|---|---|---|
| 001 | 13103 | ||
| 003 | CO-ViMGA | ||
| 008 | 141112s2004 ck r 000 u spa d | ||
| 020 | _a84985137981 | ||
| 040 |
_aCO-ViMGA _bspa _cCO-ViMGA |
||
| 082 | 0 | 4 | _a350.86 A596 |
| 100 | 1 |
_aAlzola, De Pablo _919191 |
|
| 245 | 1 | 0 | _aHistoria de las Obras públicas en españa |
| 260 |
_aMadrid : _bTurner, _c1979 |
||
| 300 | _a502p. | ||
| 650 | 1 | 4 |
_aESPAÑA - OBRAS PUBLICAS - HISTORIA _919192 |
| 942 |
_2ddc _cBK |
||
| 999 |
_c23927 _d23927 |
||